The Outsiders - Stay Gold Lyrics - Statistics

General Stats
  • This quiz has been taken 96 times
  • The average score is 182 of 274
Answer Stats
Lyric % Correct
go
98%
stay
97%
gold
93%
a
86%
I
86%
the
86%
in
83%
to
78%
on
76%
time
76%
and
75%
have
75%
me
75%
for
73%
had
73%
of
73%
some
73%
think
73%
thinking
73%
but
71%
he
71%
out
71%
see
71%
way
71%
you
71%
beauty
69%
blood
69%
crimson
69%
die
69%
fold
69%
friend
69%
hear
69%
It
69%
it
69%
my
69%
pool
69%
was
69%
only
68%
from
68%
is
68%
I've
68%
life
68%
old
68%
only
68%
ready
68%
red
68%
swore
68%
wasn't
68%
wrong
68%
do
66%
growing
66%
seen
66%
turn
66%
when
66%
your
66%
finding
64%
it's
64%
It's
64%
keep
64%
look
64%
run
64%
that
64%
what
64%
about
63%
eyes
63%
know
63%
might
63%
overhead
63%
poem's
63%
take
63%
crazy
61%
father's
61%
grave
61%
into
61%
just
61%
looked
61%
new
61%
no
61%
sound
61%
tell
61%
world
61%
young
61%
all
59%
daughter's
59%
easy
59%
his
59%
may
59%
through
59%
trying
59%
we
59%
again
58%
forget
58%
found
58%
make
58%
saved
58%
telling
58%
thankful
58%
you're
58%
back
56%
cause
56%
coming
56%
at
54%
Ponyboy
54%
simple
54%
things
54%
where
54%
Dally
53%
don't
53%
good
53%
I'd
53%
love
53%
made
53%
ones
53%
sixteen
53%
we're
53%
we've
53%
will
53%
wouldn't
53%
years
53%
bad
51%
brings
51%
dawn
51%
done
51%
light
51%
lucky
51%
morning
51%
peace
51%
still
51%
There's
51%
there's
51%
want
51%
with
51%
can't
49%
hold
49%
if
49%
like
49%
looking
49%
never
49%
end
47%
known
47%
lot
47%
many
47%
matter
47%
meet
47%
or
47%
our
47%
knows
46%
onto
46%
trade
46%
whole
46%
yourself
42%
lives
39%
sunruise
2%
No matching quizzes found
Score Distribution
Percent of People with Each Score
Percentile by Number Answered
Your Score History
You have not taken this quiz